|
|
|
|
| LEADER |
01634nam a2200277 a 4500 |
| 001 |
17606941 |
| 008 |
130417s2012 bg ab b 100 0 eng d |
| 010 |
|
|
|a 2013315673
|
| 020 |
|
|
|a 9789843357342
|
| 040 |
|
|
|a DLC
|c DLC
|d DLC
|d BD-DhAAL
|
| 082 |
0 |
0 |
|a 628.4
|2 22
|
| 111 |
2 |
|
|a International Conference on Industrial Waste Management and Process Efficiency--2012
|d (2012 :
|c DUET)
|
| 245 |
1 |
0 |
|a Proceedings of the International Conference on Industrial Waste Management and Process Efficiency-2012 :
|b 12-14 November, DUET, Gazipur, Bangladesh /
|c edited by Md. Showkat Osman ... [et al].
|
| 246 |
1 |
|
|i At head of title:
|a IWMPE 2012
|
| 246 |
1 |
8 |
|a Industrial waste management and process efficiency-2012
|
| 260 |
|
|
|a Gazipur :
|b Research Facilities on Industrial Waste Management and Process Efficiency Leading to Clean Environment Project, Dept. of Civil Engineering, Dhaka University of Engineering and Technology,
|c 2012.
|
| 300 |
|
|
|a 601 p. :
|b ill., maps ;
|c 28 cm.
|
| 504 |
|
|
|a Includes bibliographical references.
|
| 541 |
|
|
|e 00026799
|
| 650 |
|
0 |
|a Factory and trade waste
|x Management.
|
| 700 |
1 |
|
|a Osman, Mohammad Showkat.
|
| 710 |
2 |
|
|a Dhaka University of Engineering and Technology.
|b Department of Civil Engineering.
|
| 710 |
2 |
|
|a Research Facilities on Industrial Waste Management and Process Efficiency Leading to Clean Environment Project (Bangladesh)
|
| 852 |
1 |
|
|a Ayesha Abed Library
|c General shelf.
|
| 999 |
|
|
|c 13309
|d 13309
|
| 952 |
|
|
|0 0
|1 0
|2 ddc
|4 0
|6 628_400000000000000_PRO
|7 0
|9 22206
|a IGS
|b IGS
|c GEN
|d 2012-04-22
|e A H Development Publishing House
|g 1500.00
|l 1
|m 2
|o 628.4 PRO
|p 3010026799
|r 2014-06-10
|s 2013-05-07
|t 1
|w 2012-04-22
|y BK
|